Philip Roth Novels Quiz Stats

 Plays Quiz Updated Mar 19, 2015

Score 0/27 Timer 08:00
1 Play Today
Year Title % Correct
1969Portnoy's Complaint
85.6%
1997American Pastoral
73.5%
1959Goodbye, Columbus
69.8%
2000The Human Stain
67.7%
2004The Plot Against America
59.5%
1995Sabbath's Theater
55.3%
1998I Married a Communist
54.9%
1972The Breast
54.2%
1979The Ghost Writer
53%
1981Zuckerman Unbound
52.9%
1973The Great American Novel
49.8%
2007Exit Ghost
48.9%
2010Nemesis
47.9%
1993Operation Shylock
46.7%
Year Title % Correct
2006Everyman
45.8%
1967When She Was Good
45.7%
1971Our Gang
44.3%
1985The Prague Orgy
43.3%
1986The Counterlife
43%
2008Indignation
41.8%
2009The Humbling
41.5%
1977The Professor of Desire
41.2%
1962Letting Go
41%
2001The Dying Animal
38.1%
1974My Life as a Man
37.4%
1983The Anatomy Lesson
36.9%
1990Deception
35.8%

You're not logged in!

Compare scores with friends on all Sporcle quizzes.
OR
Log In

Sporcle TV

Today on Sporcle TV


Watch our educational content, quiz creation guides, and fun videos on Sporcle TV.

Show Comments

Extras

Top Quizzes Today


Score Distribution

Your Account Isn't Verified!

In order to create a playlist on Sporcle, you need to verify the email address you used during registration. Go to your Sporcle Settings to finish the process.

Report this User

Report this user for behavior that violates our Community Guidelines.

Details: